Statistics for 巴西邻国国旗

Click here to take the quiz!

General Stats

  • This quiz has been taken 60 times
  • The average score is 9 of 10

Answer Stats

Answer% Correct
阿根廷
98%
哥伦比亚
95%
委内瑞拉
93%
乌拉圭
93%
秘鲁
91%
法国
91%
巴拉圭
88%
苏里南
88%
圭亚那
86%
玻利维亚
84%

Score Distribution

Percentile by Number Answered

Percent of People with Each Score

Your Score History

You have not taken this quiz